Memoria y cuenta que el Ministerio de Educación presenta al Congreso Nacional de la República de Venezuela en sus sesiones de 1980.

-д хадгалсан:
Номзүйн дэлгэрэнгүй
Байгууллагын зохиогч: Venezuela, Ministerio de Educación Ministerio de Educación
Формат: Ном
Хэл сонгох:испани
Нөхцлүүд:
Шошгууд: Шошго нэмэх
Шошго байхгүй, Энэхүү баримтыг шошголох эхний хүн болох!

MARC

LEADER 00000cam^a2200000uu^4500
001 000474105
005 20250521000000.0
008 050901s1980^^^^^^^^^^^^rd^r^^000^0^spa^d
009 20260310124729.989
035 |a FCE 000016956 
035 |a FCE 015534 
037 |a Acervo ITESO - Biblioteca 
041 |a spa 
082 0 4 |a 370.2289  |b VENm 1980 
110 |a Venezuela, Ministerio de Educación  |b Ministerio de Educación 
245 1 0 |a Memoria y cuenta que el Ministerio de Educación presenta al Congreso Nacional de la República de Venezuela en sus sesiones de 1980. 
264 |a Venezuela :  |b Ministerio de Educación,  |c 1980. 
300 |a 550 p. 
336 |a texto  |b txt  |2 rdacontenido 
337 |a sin mediación  |b n  |2 rdamedio 
338 |a volumen  |b nc  |2 rdasoporte 
649 |a XX 
650 |a Programa de educación 
650 |a Sistema educativo 
650 |a Memoria 
650 |a Ministerio de educación 
650 |a Venezuela 
910 |a Fondo Centro de Estudios Educativos 
920 |a Impresos - Libros 
930 |a Fondos Especiales 
905 |a 133 
901 |a ALE015534  |b IT2  |c CEE  |u 20250521 
902 |a https://opac.biblio.iteso.mx/vufind/Record/000474105